Call of Duty : Black Ops 3 - Specialists - Statistics

General Stats
  • This quiz has been taken 1,645 times
  • The average score is 12 of 16
Answer Stats
Weapon/Power Specialist % Correct
Gravity Spikes Ruin
85%
Overdrive Ruin
85%
Scythe Reaper
79%
Psychosis Reaper
79%
Rejack Nomad
76%
HIVE Nomad
76%
Kinetic Armor Battery
74%
War Machine Battery
74%
Ripper Spectre
73%
Active Camo Spectre
73%
Purifier Firebreak
71%
Heat Wave Firebreak
71%
Sparrow Outrider
71%
Vision Pulse Outrider
71%
Annihilator Seraph
71%
Combat Focus Seraph
71%
No matching quizzes found
Score Distribution
Percent of People with Each Score
Percentile by Number Answered
Your Score History
You have not taken this quiz